000 00857nam a22002777a 4500
003 PE SENCICO BE
005 20251020182635.0
008 230414b |||||||| |||| 00| 0 eng d
020 _a9972-48-055-0
040 _aPE SENCICO BE
_cPE SENCICO BE
041 _aspa
082 _a658.403
_bF39
_c2014
100 1 _9929
_aFerreiro, Pablo
_eautor
245 1 _aGobierno de personas en la empresa /
_cPablo Ferreiro, Manuel Alcázar
250 _a6a ed.
260 _aLima :
_bUniversidad de Piura. Escuela de Dirección,
_c2014
300 _a303 p. :
_btabls.,
_c24 cm.
650 1 4 _9930
_aToma de decisiones
650 2 4 _9416
_aAdministración de empresas
650 2 4 _9931
_aLiderazgo
650 2 4 _9932
_aRecursos humanos
650 2 4 _9933
_aMotivación
650 2 4 _9934
_aComunicación organizacional
910 _bhfp
_chfp
942 _2ddc
_cLIB
999 _c4105
_d4105